000 01299cam0a220028901 4500
001 lce00052858
008 690610s1966 ge a 000 0 eng
010 _a 75390286 //r83
015 _aGDB***
020 _cunpriced
035 _a(Sirsi) r16129
035 _a(DLC) 75390286 //r83
035 _a(UPRA)lce00052858
040 _dUPRA
041 1 _aeng ger
_heng ger
050 0 _aNK7198.D5
_bM413
082 _a739.2
100 1 _aDinglinger, Johann Melchior, 1665?-1731.
_dDinglinger, Johann Melchior, 1665?-1731.
_6A73377.1
240 1 0 _aAm Hofe des Grossmoguls. English
_lAm Hofe des Grossmoguls. English
245 1 0 _aAt the court of the Great Mogul :
_bThe court at Delhi on the birthday of the Great Mogul Aureng-Zeb. Museum piece by Johann Melchior Dinglinger, court jeweller of the elector of Saxony and King of Poland, August II, called August the Strong /
_ctext by Joachim Menzhausen ; photographs by Klaus G. Beyer. (Translated from the German by Michael Horovitz.).
260 _a(Leipzig :
_bEdition Leipzig,
_c1966.)
500 _aTranslation of Am Hofe des Grossmoguls.
700 1 _aMenzhausen, Joachim.
_6A73378.1
700 1 _aBeyer, Klaus G., 1922-
_dBeyer, Klaus G., 1922-
_6A73379.1
949 _aNK7198.D5
_wlcc
_i-11005
_mMAIN
_tBOOK
_lON-SHELF
004 16129
999 _c159411
_d159411